|
|
|
|
| LEADER |
01174nam a2200253 i 4500 |
| 001 |
10116765 |
| 003 |
upatras |
| 005 |
20230324115331.0 |
| 008 |
150702s1995 gr gre d |
| 952 |
|
|
|0 0
|1 0
|2 ddc
|4 0
|6 889_134000000000000_ΜΑΝ
|7 0
|8 FIC
|9 181010
|a LISP
|b LISP
|c DON
|d 2016-04-24
|e ΒΑΛ
|i 126311
|l 0
|o 889.134 ΜΑΝ
|p 025000244668
|r 2016-04-24 00:00:00
|t 1
|v 2016.00
|w 2016-04-24
|y BK15
|
| 952 |
|
|
|0 0
|1 0
|2 ddc
|4 0
|6 889_134000000000000_ΜΑΝ
|7 0
|9 240554
|a LISP
|b LISP
|c DON
|d 2020-05-11
|e ΓΑΛ
|i 143319
|l 0
|o 889.134 ΜΑΝ
|p 025000269499
|r 2020-05-11 00:00:00
|t 2
|v 2020.00
|w 2020-05-11
|y BKN
|
| 999 |
|
|
|c 111890
|d 111890
|
| 040 |
|
|
|a GR-PaULI
|c GR-PaULI
|b gre
|e AACR2
|
| 082 |
0 |
4 |
|a 889.134
|2 23
|
| 100 |
1 |
|
|a Μανουσάκης, Γιώργης,
|d 1933-2008
|4 συγγραφέας
|9 165646
|
| 245 |
1 |
0 |
|a Άνθρωποι και σκιές /
|c Γιώργη Μανουσάκη.
|
| 260 |
|
|
|a Αθήνα:
|b Ευθύνη,
|c 1995.
|
| 300 |
|
|
|a 49 σ.;
|c 20 εκ.
|
| 490 |
1 |
0 |
|a Ασρολάβος / Ευθύνη
|
| 760 |
0 |
|
|a Αστρολάβος
|
| 830 |
|
0 |
|a Αστρολάβος (Ευθύνη)
|9 164231
|
| 942 |
|
|
|2 ddc
|c BK15
|
| 998 |
|
|
|c ΧΑΡΙΤΟΥ
|d 2015-07
|
| 998 |
|
|
|c ΣΑΤΛΑΝΗΣ
|d 2020-05
|